00504 2200193 4500001002100000005001500021035002000036245006600056100001300122250001100135300002300146260003600169082000800205084001400213020001800227650001000245008004100255990001400296INLIS00000000000204220260428075819 a0010-04260000411 aEtika & Tanggung Jawab Profesi Hukum di Indonesia /cSupriadi0 aSupriadi aCet VI a339 hlm. ;c23 cm. aJakarta :bSinar Grafika,c2016 a174 a174 SUP e a979-007-000-4 4aHukum260428 0 ind  a201700247